[Event "Challenge"]
[Site "http://www.queenalice.com/game.php?id=1338514"]
[Date "2015.1.31"]
[Round "-"]
[White "JORAM2205"]
[Black "teodoricojose"]
[Result "1-0"]
[WhiteElo "1663"]
[BlackElo "1777"]

1. e4 d6 2. Nf3 Nf6 3. Nc3 g6 4. h3 Bg7 5. Bc4 Nxe4 6. Nxe4 d5 7. Bb3 dxe4 8.
Ne5 Bxe5 9. Qe2 O-O 10. Qxe4 Nc6 11. O-O Bf5 12. Qc4 Be6 13. Qb5 Bxb3 14. Qxb7
Bd5 15. Qb5 Nd4 16. Qc5 Ne2+ 17. Kh1 1-0

[Event "Challenge"]
[Site "http://www.queenalice.com/game.php?id=1372785"]
[Date "2015.7.22"]
[Round "-"]
[White "JORAM2205"]
[Black "teodoricojose"]
[Result "0-1"]
[WhiteElo "1755"]
[BlackElo "1740"]

1. e4 d6 2. d4 Nf6 3. Bd3 g6 4. Nc3 Bg7 5. Be3 O-O 6. Nf3 c5 7. d5 b5 8. Nxb5
Ba6 9. O-O Nxe4 10. Bxe4 Bxb5 11. Re1 Nd7 12. a4 Ba6 13. Qd2 Bxb2 14. Ra2 Qb6
15. c3 Rfb8 16. Rb1 Qb3 17. Rbxb2 Qc4 18. Bd3 Qxd3 19. Qxd3 Bxd3 20. Nd2 c4 21.
g3 Nb6 22. Nf3 Nxa4 23. Rxb8+ Rxb8 24. Nd2 Nxc3 25. Rxa7 Nxd5 26. Ra5 e6 27. Bg5
c3 28. Nf3 c2 29. Ra1 Rb1+ 30. Rxb1 cxb1=Q+ 31. Ne1 Qxe1+ 32. Kg2 Bf1+ 33. Kf3
Qe2# 0-1

[Event "Challenge"]
[Site "http://www.queenalice.com/game.php?id=1374701"]
[Date "2015.7.31"]
[Round "-"]
[White "Salvo2015"]
[Black "teodoricojose"]
[Result "1-0"]
[WhiteElo "1434"]
[BlackElo "1740"]

1. c4 e5 2. d4 exd4 3. Nf3 d5 4. Nxd4 c5 5. Nb5 Nf6 6. e3 a6 7. cxd5 axb5 8.
Bxb5+ Bd7 9. Qa4 Rxa4 10. Bxa4 Bxa4 11. O-O c4 12. Nc3 Bd7 13. f4 Bc5 14. Re1
Qa5 15. a4 Ne4 16. Rf1 Nxc3 17. bxc3 Qxc3 18. Ra3 Bxa3 19. Bxa3 1-0

[Event "Partida amistosa"]
[Site "http://www.queenalice.com/game.php?id=1378249"]
[Date "2015.8.17"]
[Round "-"]
[White "teodoricojose"]
[Black "JORAM2205"]
[Result "0-1"]
[WhiteElo "1757"]
[BlackElo "1740"]

1. Nf3 d5 2. c4 d4 3. d3 g6 4. e3 dxe3 5. Bxe3 Bh6 6. Be2 Bxe3 7. fxe3 Nf6 8.
O-O Nc6 9. Nc3 O-O 10. d4 Ng4 11. e4 Ne3 12. Qd3 Nxf1 13. Rxf1 Bg4 14. d5 Nb4
15. Qd4 c6 16. a3 Nc2 17. Qe5 f6 18. Qf4 Qb6+ 19. Kh1 Bxf3 20. Bxf3 Ne3 21. Re1
Nxc4 22. Qh6 Qxb2 23. Ne2 Qxa3 24. Nf4 Qc3 25. Rg1 cxd5 26. Ne6 Rf7 27. exd5 Qe3
28. Qh4 Ne5 29. Re1 Nxf3 30. gxf3 Qxf3+ 31. Kg1 Qxd5 32. Nf4 Qd4+ 33. Qf2 Qxf2+
34. Kxf2 e5 35. Nd5 a5 36. Nc3 Rc7 37. Nb5 Rc2+ 38. Ke3 Rxh2 0-1

[Event "Challenge"]
[Site "http://www.queenalice.com/game.php?id=1394747"]
[Date "2015.11.18"]
[Round "-"]
[White "Guilhermerocha"]
[Black "teodoricojose"]
[Result "0-1"]
[WhiteElo "1814"]
[BlackElo "1740"]

1. d4 d6 2. e4 Nf6 3. Nc3 g6 4. b3 Bg7 5. Bb2 O-O 6. Bc4 c5 7. e5 Nfd7 8. Nf3
Nc6 9. exd6 cxd4 10. Nd5 exd6 11. Nxd4 Re8+ 12. Be2 Rxe2+ 13. Kxe2 Nde5 14. Re1
Qh4 15. h3 Nxd4+ 16. Qxd4 Qh5+ 17. Kf1 Nf3 18. Nf6+ Bxf6 19. Re8+ Kg7 20. Qxf6+
Kh6 21. Bc1+ Ng5 22. Rg8 Qd1# 0-1

[Event "Challenge"]
[Site "http://www.queenalice.com/game.php?id=1397195"]
[Date "2015.12.3"]
[Round "-"]
[White "Guilhermerocha"]
[Black "teodoricojose"]
[Result "0-1"]
[WhiteElo "1813"]
[BlackElo "1762"]

1. e4 c5 2. Bc4 d6 3. Nf3 Nf6 4. Ng5 e6 5. d4 cxd4 6. Qxd4 d5 7. exd5 exd5 8.
Bb5+ Nc6 9. Qe5+ Qe7 10. Bf4 Qxe5+ 11. Bxe5 Be7 12. O-O O-O 13. Bxf6 Bxf6 14. h4
Bxb2 15. Bd3 f5 16. Nd2 Bxa1 17. Rxa1 h6 18. Ngf3 Be6 19. Rb1 b6 20. Bb5 Rac8
21. Bxc6 Rxc6 22. Rb2 Rfc8 23. Ne1 f4 24. g3 fxg3 25. fxg3 Bf5 26. Rb5 Rc5 27.
Rb3 Bxc2 28. Nxc2 Rxc2 29. Nf3 Rxa2 30. Kh1 Rc1+ 31. Ng1 Kf7 32. Rf3+ Kg6 33. g4
Rcc2 34. Rh3 d4 35. Nf3 d3 36. Ne5+ Kf6 37. Nf3 d2 38. g5+ hxg5 39. hxg5+ Ke7
40. Nxd2 Rxd2 0-1

[Event "Challenge"]
[Site "http://www.queenalice.com/game.php?id=1397196"]
[Date "2015.12.3"]
[Round "-"]
[White "Guilhermerocha"]
[Black "teodoricojose"]
[Result "0-1"]
[WhiteElo "1790"]
[BlackElo "1744"]

1. e4 d6 2. d4 Nf6 3. Nc3 g6 4. Bg5 Bg7 5. e5 dxe5 6. dxe5 Ng4 7. Qxd8+ Kxd8 8.
O-O-O+ Bd7 9. Nh3 Nxe5 10. Nb5 Kc8 11. Bf4 Nbc6 12. Bxe5 Bxe5 13. f4 Bg7 14. Bc4
b6 15. Bxf7 Bg4 16. Rd5 e5 17. Re1 Kb7 18. Nf2 Nb4 19. Rd7 Nxa2+ 20. Kb1 Bxd7
21. Bxa2 Bxb5 22. Bd5+ Bc6 23. Bxc6+ Kxc6 24. fxe5 Rhe8 25. e6 Kd6 26. Ne4+ Kxe6
27. Ng5+ Kf5 0-1

[Event "Challenge"]
[Site "http://www.queenalice.com/game.php?id=1397197"]
[Date "2015.12.3"]
[Round "-"]
[White "teodoricojose"]
[Black "Guilhermerocha"]
[Result "0-1"]
[WhiteElo "1759"]
[BlackElo "1775"]

1. e4 e5 2. Nf3 Bc5 3. d4 exd4 4. Nxd4 Qh4 5. Nc3 Bb4 6. Bd2 Bxc3 7. Bxc3 Qxe4+
8. Ne2 Nf6 9. Bxf6 gxf6 10. Qd2 c5 11. O-O-O Nc6 12. Qh6 Qe6 13. Nf4 Qxa2 14.
Re1+ Ne5 15. Nd3 Qa1+ 16. Kd2 Qa5+ 17. c3 d6 18. f4 c4 19. Nb4 Qc5 20. fxe5 Qf2+
21. Re2 Qf5 22. exd6+ Be6 23. g3 O-O-O 24. Bg2 Rxd6+ 25. Ke1 Rhd8 26. Qe3 Rd1#
0-1

[Event "Challenge"]
[Site "http://www.queenalice.com/game.php?id=1397663"]
[Date "2015.12.7"]
[Round "-"]
[White "Guilhermerocha"]
[Black "teodoricojose"]
[Result "0-1"]
[WhiteElo "1766"]
[BlackElo "1772"]

1. c4 c5 2. b4 cxb4 3. g3 Nf6 4. Bg2 Nc6 5. Bxc6 bxc6 6. Bb2 Bb7 7. Bxf6 exf6 8.
e4 c5 9. d3 f5 10. f3 g6 11. h4 Bg7 12. e5 Bxe5 13. Qe2 Qe7 14. a3 Bxa1 15.
Qxe7+ Kxe7 16. axb4 cxb4 17. Ne2 Bxf3 18. Nd4 Bxd4 0-1

[Event "Challenge"]
[Site "http://www.queenalice.com/game.php?id=1397664"]
[Date "2015.12.7"]
[Round "-"]
[White "teodoricojose"]
[Black "Guilhermerocha"]
[Result "1-0"]
[WhiteElo "1802"]
[BlackElo "1730"]

1. d4 c5 2. dxc5 Qa5+ 3. Nc3 Qxc5 4. Nf3 e5 5. e4 Nf6 6. Be3 Qb4 7. a3 Qxb2 8.
Na4 Bb4+ 9. axb4 Qxb4+ 10. Bd2 Qxe4+ 11. Be2 d6 12. O-O h5 13. Re1 Qh7 14. Ng5
Qg6 15. Bd3 Bf5 16. Qf3 Bxd3 17. Qxb7 O-O 18. Qxa8 Na6 19. Qc6 Nb8 20. Qxd6 Bxc2
21. Qxe5 Re8 22. Qxe8+ 1-0

[Event "Challenge"]
[Site "http://www.queenalice.com/game.php?id=1397665"]
[Date "2015.12.7"]
[Round "-"]
[White "teodoricojose"]
[Black "Guilhermerocha"]
[Result "1-0"]
[WhiteElo "1788"]
[BlackElo "1744"]

1. c4 c5 2. Nc3 g6 3. Nf3 Bg7 4. Qc2 Nc6 5. a3 e5 6. Nb5 Qe7 7. e3 Kd8 8. d4
cxd4 9. exd4 exd4+ 10. Be2 a6 11. Bg5 Bf6 12. Bf4 axb5 13. cxb5 Ne5 14. O-O
Nxf3+ 15. Bxf3 Bg5 16. Qc7+ Ke8 17. Rfe1 Bxf4 18. Rxe7+ Nxe7 19. Qxf4 Ra4 20.
Re1 Rc4 21. Bd5 1-0

[Event "AUTO-ADV-3545"]
[Site "http://www.queenalice.com/game.php?id=1397671"]
[Date "2015.12.7"]
[Round "1"]
[White "Alcar"]
[Black "teodoricojose"]
[Result "0-1"]
[WhiteElo "1696"]
[BlackElo "1727"]

1. d4 d6 2. c4 Nf6 3. Nc3 Nc6 4. Nf3 g6 5. e4 Bg7 6. d5 Ne5 7. Nxe5 Nxe4 8. Nxe4
Bxe5 9. Be2 O-O 10. O-O e6 11. Rb1 exd5 12. cxd5 Qh4 13. g3 Qxe4 14. Bf3 Qxb1
15. Bh6 Qxd1 16. Rxd1 Re8 17. h4 Bxb2 18. Rd2 Re1+ 19. Kg2 Bc3 20. Re2 Rxe2 21.
Bxe2 Bf5 22. Bc4 Be4+ 23. f3 Bc2 0-1

[Event "AUTO-ADV-3545"]
[Site "http://www.queenalice.com/game.php?id=1397672"]
[Date "2015.12.7"]
[Round "1"]
[White "teodoricojose"]
[Black "Alcar"]
[Result "0-1"]
[WhiteElo "1742"]
[BlackElo "1696"]

1. e4 e5 2. Nf3 Nc6 3. Bc4 h6 4. d4 exd4 5. Nxd4 Bc5 6. Qf3 Nf6 7. Nxc6 bxc6 8.
e5 O-O 9. exf6 Qxf6 10. Qxf6 gxf6 11. Bxh6 Re8+ 12. Be2 d5 13. Nc3 Bf5 14. O-O-O
Bxf2 15. Bh5 Bg6 16. Bxg6 fxg6 17. Rhf1 Bh4 18. Rf4 Bg5 19. Bxg5 fxg5 20. Rf6
Kg7 21. Rxc6 Re7 22. Rxd5 Re1+ 23. Kd2 Rg1 24. Rxc7+ Kh6 25. Ne4 Rxg2+ 0-1

[Event "AUTO-ADV-3545"]
[Site "http://www.queenalice.com/game.php?id=1397687"]
[Date "2015.12.7"]
[Round "1"]
[White "mvson33"]
[Black "teodoricojose"]
[Result "1-0"]
[WhiteElo "1972"]
[BlackElo "1780"]

1. e4 d6 2. d4 Nf6 3. Nc3 g6 4. f4 Bg7 5. Nf3 O-O 6. Bc4 c5 7. dxc5 b5 8. Bxb5
Qa5 9. O-O Nxe4 10. Nxe4 Qxb5 11. cxd6 Bxb2 12. dxe7 Re8 13. Bxb2 Qxb2 14. Qd8
Qb5 15. Nf6+ Kg7 16. Nxe8+ Kh6 17. Nc7 Qb6+ 18. Kh1 1-0

[Event "AUTO-ADV-3545"]
[Site "http://www.queenalice.com/game.php?id=1397688"]
[Date "2015.12.7"]
[Round "1"]
[White "teodoricojose"]
[Black "mvson33"]
[Result "0-1"]
[WhiteElo "1791"]
[BlackElo "1981"]

1. e4 d5 2. exd5 Qxd5 3. Nc3 Qa5 4. Nf3 Bg4 5. Be2 Nf6 6. O-O Nbd7 7. d4 c6 8.
h3 Bf5 9. Ne5 Rd8 10. Nxf7 Kxf7 11. Bc4+ Ke8 12. Bd2 Qc7 13. Bg5 e6 14. Re1 Be7
15. Bxe6 Bxe6 16. Rxe6 Kf7 17. Qe2 Rhe8 18. Re1 Nf8 19. Re3 Ng6 20. Bxf6 gxf6
21. Qh5 Rh8 22. d5 Bd6 23. g3 Kg7 24. Qg4 h5 25. Qe6 Rhe8 26. Qf5 Rxe3 27. Rxe3
Rh8 28. dxc6 bxc6 29. Re6 Qd8 30. Ne4 Be5 31. b4 Qd1+ 32. Kg2 Qxc2 33. Nxf6 Qxf5
0-1

[Event "AUTO-ADV-3545"]
[Site "http://www.queenalice.com/game.php?id=1397697"]
[Date "2015.12.7"]
[Round "1"]
[White "jlpbarreto"]
[Black "teodoricojose"]
[Result "1-0"]
[WhiteElo "1939"]
[BlackElo "1754"]

1. e4 d6 2. d4 Nf6 3. Nc3 g6 4. Bd3 Bg7 5. Nf3 O-O 6. h3 c5 7. O-O cxd4 8. Ne2
e5 9. c3 Nc6 10. cxd4 exd4 11. Bg5 Qb6 12. Qd2 Be6 13. a3 Rfe8 14. Rfd1 Ne5 15.
Nfxd4 Nc4 16. Bxc4 Bxc4 17. f3 Bxe2 18. Qxe2 Nd7 19. Be3 Ne5 20. Nb5 Qc6 21.
Rac1 Qd7 22. Nxd6 Re6 23. Nb5 Qe7 24. Nc7 Rc6 25. Nxa8 Rxc1 26. Rxc1 Nc6 27. Bf4
Bxb2 28. Qxb2 1-0

[Event "AUTO-ADV-3545"]
[Site "http://www.queenalice.com/game.php?id=1397698"]
[Date "2015.12.7"]
[Round "1"]
[White "teodoricojose"]
[Black "jlpbarreto"]
[Result "0-1"]
[WhiteElo "1764"]
[BlackElo "1913"]

1. e4 e5 2. Nf3 f5 3. exf5 e4 4. Nd4 Nf6 5. d3 Bc5 6. Be3 d6 7. Ne6 Bxe6 8. Bxc5
dxc5 9. fxe6 O-O 10. dxe4 Qxd1+ 11. Kxd1 Nxe4 12. f3 Nf2+ 13. Kd2 Nxh1 14. Bc4
Re8 15. Nc3 a6 16. Nd5 Nc6 17. Nxc7 Red8+ 18. Kc3 Ne7 19. Nxa8 Rxa8 20. Rxh1 b5
21. Bxb5 axb5 22. Kb3 Nd5 23. Rd1 c4# 0-1

[Event "Challenge"]
[Site "http://www.queenalice.com/game.php?id=1397960"]
[Date "2015.12.8"]
[Round "-"]
[White "edudanielvm"]
[Black "teodoricojose"]
[Result "1-0"]
[WhiteElo "2092"]
[BlackElo "1724"]

1. Nf3 c5 2. g3 d5 3. d3 g6 4. Nbd2 Bg7 5. Bg2 Bg4 6. O-O e6 7. c4 Nf6 8. cxd5
exd5 9. Ne5 Nbd7 10. Nxg4 O-O 11. Nxf6+ Nxf6 12. Nf3 Qb6 13. d4 c4 14. e3 Ne4
15. Nd2 Rfe8 16. Nxe4 dxe4 17. Qc2 Qe6 18. Bd2 Rac8 19. a4 Rc7 20. Rac1 Rec8 21.
Bxe4 f5 22. Bf3 a6 23. a5 1-0

[Event "Challenge"]
[Site "http://www.queenalice.com/game.php?id=1397979"]
[Date "2015.12.8"]
[Round "-"]
[White "teodoricojose"]
[Black "edudanielvm"]
[Result "0-1"]
[WhiteElo "1724"]
[BlackElo "2090"]

1. e4 Nc6 2. d4 e5 3. d5 Nce7 4. Nf3 Ng6 5. Bc4 Nf6 6. Nbd2 d6 7. O-O Be7 8. Ng5
h6 9. Nh3 O-O 10. f4 exf4 11. Nxf4 Bg4 12. Be2 Bxe2 13. Nxe2 c6 14. Nc3 h5 15.
Nc4 b5 16. Ne3 b4 17. Na4 Nxe4 18. Qxh5 Qa5 19. b3 Nf6 20. Qf3 Nxd5 21. Nxd5
Qxd5 22. Qxd5 cxd5 23. Bb2 Rfc8 0-1

[Event "Challenge"]
[Site "http://www.queenalice.com/game.php?id=1398193"]
[Date "2015.12.9"]
[Round "-"]
[White "Guilhermerocha"]
[Black "teodoricojose"]
[Result "1-0"]
[WhiteElo "1700"]
[BlackElo "1745"]

1. e4 d6 2. d4 Nf6 3. Bd3 g6 4. Bf4 Bg7 5. Nc3 O-O 6. e5 dxe5 7. dxe5 Ng4 8. Nf3
Nc6 9. Qe2 Nd4 10. Nxd4 Qxd4 11. Qf3 Nxe5 12. Bxe5 Bxe5 13. O-O Qb4 14. Rab1 Qd6
15. g3 Bh3 16. Rfd1 Qb6 17. Nd5 Qe6 18. Re1 c6 19. Nc7 Bxc7 20. Rxe6 fxe6 21.
Qe2 e5 22. Bc4+ e6 23. Rd1 h5 24. f3 g5 25. g4 h4 26. Rd7 1-0

[Event "Challenge"]
[Site "http://www.queenalice.com/game.php?id=1398194"]
[Date "2015.12.9"]
[Round "-"]
[White "Guilhermerocha"]
[Black "teodoricojose"]
[Result "1-0"]
[WhiteElo "1697"]
[BlackElo "1783"]

1. g3 d5 2. Bg2 e5 3. c3 Nf6 4. Qa4+ Nc6 5. b4 Bd7 6. Qb5 Bc8 7. Bb2 a6 8. Qa4
Bd7 9. Qc2 g6 10. e4 d4 11. cxd4 Nxd4 12. Bxd4 exd4 13. e5 Qe7 14. f4 Ng4 15.
Bxb7 1-0

[Event "Challenge"]
[Site "http://www.queenalice.com/game.php?id=1398195"]
[Date "2015.12.9"]
[Round "-"]
[White "teodoricojose"]
[Black "Guilhermerocha"]
[Result "0-1"]
[WhiteElo "1815"]
[BlackElo "1622"]

1. e4 e5 2. Nf3 Nc6 3. Bc4 h6 4. O-O Nf6 5. d4 Nxe4 6. Nxe5 Nxe5 7. dxe5 d6 8.
exd6 Nxd6 9. Re1+ Be7 10. Nc3 Nxc4 11. Qxd8+ Kxd8 12. Rd1+ Nd6 13. Ne4 Bf5 0-1